[Event "Barcelona Ateneu Colon op 6th"]
[Site "Barcelona"]
[Date "2011.06.07"]
[Round "7"]
[White "Rovira Ruiz, Enric"]
[Black "Roig Ruiz, Carles"]
[Result "0-1"]
[WhiteElo "1788"]
[BlackElo "1888"]
[PlyCount "38"]
[EventDate "2011.04.26"]
[EventType "swiss"]
[EventRounds "9"]
[EventCountry "ESP"]
[SourceTitle "EXT 2012"]
[Source "ChessBase"]
[SourceDate "2011.11.24"]
[SourceVersion "1"]
[SourceVersionDate "2011.11.24"]
[SourceQuality "1"]

1. e4 e6 2. d4 d5 3. Nd2 a6 4. Ngf3 c5 5. c3 Nc6 6. exd5 exd5 7. dxc5 Bxc5 8. Nb3 Be7 9. Be2 Nf6 10. 0-0 0-0 11. Bg5 Ne4 12. Bxe7 Qxe7 13. Re1 Be6 14. Qc2 Rac8 15. Rad1 b5 16. a3 Qa7 17. Bd3 b4 18. Bxe4 dxe4 19. Qxe4 Bxb3 0-1

[Event "Barcelona Ateneu Colon op 5th"]
[Site "Barcelona"]
[Date "2010.04.13"]
[Round "1"]
[White "Rovira Ruiz, Enric"]
[Black "Romero Perera, Eugeni"]
[Result "0-1"]
[WhiteElo "1797"]
[BlackElo "2157"]
[PlyCount "68"]
[EventDate "2010.04.13"]
[EventType "swiss"]
[EventRounds "9"]
[EventCountry "ESP"]
[SourceTitle "EXT 2011"]
[Source "ChessBase"]
[SourceDate "2010.11.26"]
[SourceVersion "1"]
[SourceVersionDate "2010.11.26"]
[SourceQuality "1"]

1. e4 d5 2. exd5 Qxd5 3. d4 Bf5 4. Nf3 e6 5. c4 Qa5+ 6. Nc3 Nf6 7. Bd2 c6 8. Nd5 Qd8 9. Nxf6+ gxf6 10. Bc3 Nd7 11. Bd3 Bg4 12. h3 Bh5 13. g4 Bg6 14. Qc2 Bh6 15. Bd2 Bxd2+ 16. Qxd2 Bxd3 17. Qxd3 Ne5 18. Nxe5 fxe5 19. 0-0-0 Qa5 20. dxe5 0-0 21. Qc3 Qxa2 22. Kc2 Qa4+ 23. b3 Qa2+ 24. Qb2 Qa5 25. f4 Rfd8 26. Rd6 Qc5 27. Rhd1 Rxd6 28. exd6 Qf2+ 29. Kb1 Qxf4 30. Qd4 Qxd4 31. Rxd4 c5 32. Rd2 Kf8 33. Kc2 Ke8 34. Kd3 Kd7 0-1